000
00311nam a22001217a 4500
020
_a
9789380578200
082
_a
621.8
_b
VAS/ME
100
_a
Vashist, Devendra
245
_a
Mechanical engineering fundamentals
260
_a
New Delhi
_b
I.K International Publishing House Pvt. Ltd
300
_a
432
942
_c
BK
999
_c
13668
_d
13668